000
00316nam a2200145Ia 4500
100
_a
Schoonmker/ A.N.
650
_a
General
942
_c
BK
654
_a
career strategy
245
_a
Executive career strategy
260
_b
Taraporevala.
_a
Bombay
_c
1980
082
_a
658.4
300
_a
214
546
_a
ENGLISH
999
_c
24934
_d
24934